000 00644nam a2200205Ia 4500
005 20260121110158.0
008 008 260114s9999 xx 000 0 hin d
020 _a9788132302476
037 _aEBOOK
040 _aCRL
_bhin
_cCRL
041 _ahin
_2hin
084 _qCRL
100 _aकिरण कुमार मौर्य / Kiran Kumar Maurya
_9942993
245 0 _aआर्थिक भूगोल / Aarthik Bhugol
260 _bभाषा प्रकाशन / Bhasha Prakashan
_c2020
856 _uhttps://bhashaprakashan.com/product-details/377932
942 _cEBOOK
999 _c1534658
_d1534658